Statistics for Countries Requiring Visas for US Citizens

Click here to take the quiz!

General Stats

  • This quiz has been taken 64 times
    (49 since last reset)
  • The average score is 70 of 91

Answer Stats

HintAnswerTravel documents required% Correct
AAfghanistanVisa
93%
CChinaVisa
91%
RRussiaVisa
91%
VVenezuelaVisa
88%
PPakistanVisa
88%
OOmane-Visa on arrival
88%
NNigerVisa
88%
IIraqVisa
88%
IIranVisa
88%
IIndiae-Visa
88%
EEgyptVisa on arrival
88%
ZZambiae-Visa on arrival
86%
UUgandae-Visa on arrival
86%
SSyriaVisa
86%
NNorth KoreaVisa - highly restricted
86%
NNigeriaVisa
86%
ZZimbabwee-Visa on arrival
86%
AAzerbaijane-Visa on arrival
86%
LLiberiaVisa
84%
TTanzaniaVisa on arrival
84%
LLibyaVisa
84%
QQatare-Visa on arrival
84%
RRwandaVisa on arrival
84%
BBahraine-Visa on arrival
84%
KKenyae-Visa on arrival
84%
VVietnamVisa
84%
TTurkmenistanVisa
81%
UUnited Arab EmiratesVisa on arrival
81%
SSudanVisa
81%
JJordanVisa on arrival
81%
SSaudi ArabiaVisa
81%
YYemenVisa
81%
NNepalVisa on arrival
81%
MMauritaniaVisa on arrival
81%
MMaliVisa
81%
AAngolaVisa
81%
LLebanonVisa on arrival
81%
KKuwaite-Visa on arrival
81%
SSomaliaVisa
81%
CChadVisa
81%
CCongo RepublicVisa
81%
IIndonesiaVisa on arrival
81%
CCambodiae-Visa on arrival
81%
DDemocratic Republic of CongoVisa
81%
EEritreaVisa
81%
BBurundiVisa
79%
BBangladeshVisa on arrival
79%
TTurkeyBanned. As of November 20, 2017 existing visas honored, but no new visas are being issued.
79%
CCubaVisa
79%
SSouth SudanVisa
79%
AAlgeriaVisa
79%
GGuineaVisa
79%
TTajikistanVisa on arrival
77%
UUzbekistanVisa
77%
MMadagascarVisa on arrival
77%
BBhutanVisa
77%
LLaosVisa on arrival
77%
DDjiboutiVisa on arrival
77%
CCameroonVisa
74%
SSierra LeoneVisa
74%
MMalawiVisa on arrival
74%
TTogoVisa on arrival
74%
GGabonE-Visa on arrival
74%
CCape VerdeVisa on arrival
72%
BBeninVisa
72%
GGhanaVisa
72%
GGuinea-Bissaue-Visa on arrival
72%
CComorosVisa on arrival
72%
MMyanmare-Visa
72%
MMozambiqueVisa on arrival
72%
CCote d'Ivoiree-Visa
70%
NNauruVisa
70%
SSeychellesVisitor's permit on arrival
70%
EEthiopiae-Visa on arrival
70%
GGambiaVisa on arrival
70%
BBurkina FasoVisa on arrival
70%
FFijiVisitor permit on arrival
67%
TTongaVisa on arrival
67%
BBrazile-Visa (as of Jan 2018)
67%
AAustraliaElectronic Travel Authority
65%
MMaldivesVisa on arrival
63%
SSamoaVisa on arrival
63%
SSurinameTourist card on arrival
60%
SSri Lankae-Visa on arrival
60%
EEast TimorVisa on arrival
58%
BBoliviaVisa on arrival
58%
SSolomon IslandsVisitor's permit on arrival
56%
PPapua New GuineaVisa on arrival
56%
PParaguayVisa on arrival
53%
DDominican RepublicTourist card
51%
CCentral Africa RepublicVisa - as required by some airlines, although not a formal requirement.
42%

Score Distribution

Percentile by Number Answered

Percent of People with Each Score

Your Score History

You have not taken this quiz since the last reset